000 00631nam a2200181 i 4500
001 94740
003 ES-MaACL
005 20230906181538.0
007 t|
008 050513s1963 sp ||||1| spa d
100 1 _aLuca de Tena, Juan Ignacio,
_d1897-1975
_974513
245 1 4 _aLas chicas del taller
_b: adaptación teatral en dos actos de una novela de Mercedes Ballesteros /
_cJuán Ignacio Luca de Tena.
260 _aMadrid :
_bPrensa Española,
_c1963.
300 _a197 p. ;
_c22 cm.
700 1 _aBallesteros Gaibrois, Mercedes,
_d1913-1995
_925057
852 _aES-MaACL
_jC-23529
_bR.52170
999 _c94740
_d94740